[Event "Sao Paulo STD U2000 op"]
[Site "Sao Paulo"]
[Date "2025.04.25"]
[Round "2"]
[White "Ramos, Joao Gabriel Batist"]
[Black "Jorge, Denrick Cabral Jose"]
[Result "0-1"]
[WhiteElo "1596"]
[BlackElo "1907"]
[PlyCount "44"]
[EventDate "2025.04.24"]
[EventType "swiss"]
[EventRounds "6"]
[EventCountry "BRA"]
[SourceTitle "CB18_2025"]
[SourceDate "2025.04.30"]
[SourceVersion "1"]
[SourceVersionDate "2025.04.30"]
[SourceQuality "1"]

1. e4 d6 2. d4 g6 3. Nc3 Bg7 4. Bg5 c5 5. Be3 cxd4 6. Bxd4 Nf6 7. e5 dxe5 8. Bxe5 Qa5 9. Qd2 Qxe5+ 10. Be2 0-0 11. Nf3 Qa5 12. 0-0 Rd8 13. Qe3 Nc6 14. Bc4 Bf5 15. Bb5 Ng4 16. Qe2 Bxc3 17. Bxc6 Bxb2 18. Rab1 Bf6 19. Rxb7 Rac8 20. Be4 Ne5 21. Nxe5 Qxe5 22. f4 Qxe4 0-1

[Event "Sao Paulo STD U2000 op"]
[Site "Sao Paulo"]
[Date "2025.04.24"]
[Round "1"]
[White "Ramos, Joao Gabriel Batist"]
[Black "Iamamoto, Christian Eiji"]
[Result "1/2-1/2"]
[WhiteElo "1596"]
[BlackElo "1829"]
[PlyCount "96"]
[EventDate "2025.04.24"]
[EventType "swiss"]
[EventRounds "6"]
[EventCountry "BRA"]
[SourceTitle "CB18_2025"]
[SourceDate "2025.04.30"]
[SourceVersion "1"]
[SourceVersionDate "2025.04.30"]
[SourceQuality "1"]

1. e4 d5 2. exd5 Nf6 3. d4 Nxd5 4. Nf3 Bf5 5. c4 Nb4 6. Na3 e6 7. Be2 c5 8. 0-0 Be7 9. Be3 Bf6 10. dxc5 Qxd1 11. Raxd1 Bxb2 12. Nb5 N8a6 13. Nd6+ Ke7 14. Nxf5+ exf5 15. Bd4 Bxd4 16. Nxd4 Nxa2 17. Nxf5+ Kf6 18. Bf3 Nxc5 19. Nd6 Rab8 20. Ra1 Rhd8 21. Nxb7 Nxb7 22. Rxa2 Nd6 23. Bd5 Rd7 24. h3 Rb4 25. Rc2 Nb7 26. Ra1 Nc5 27. Ra5 Nb3 28. Ra6+ Ke5 29. Rb2 Kd4 30. Rba2 Kc3 31. Rxa7 Nd2 32. R7a3+ Rb3 33. Rxb3+ Nxb3 34. Re2 Nd2 35. Re1 h5 36. Ra1 h4 37. f3 Kd4 38. Kf2 Nxc4 39. Bxc4 Kxc4 40. Ra4+ Kd5 41. Rxh4 Ke5 42. g4 g5 43. Rh6 f6 44. Ke2 Ra7 45. h4 gxh4 46. Rxh4 Kf4 47. Rh3 Ra2+ 48. Kd3 Ra3+ 1/2-1/2